| 000 | 00624nam a22001337a 4500 | ||
|---|---|---|---|
| 040 | _cRUA | ||
| 082 | _aAGR SDO 2015 B556 Or.1 | ||
| 100 | _aSDOK KIMLY; ស្តុក គឹមលី | ||
| 245 | _aEffect of seeding rates on grain yield and other agronomic traits in direct seed in of a rice variety kang soay; ឥទ្ធិពលនៃកម្រិតគ្រាប់ពូជទៅលើទិន្នផល និងលក្ខណៈដទៃទៀតនៃពូជស្រូវកងសោយ | ||
| 260 |
_aPhnom Penh _bRUA _c2015 |
||
| 300 |
_axi; 43p; _bill; _c29cm; |
||
| 856 | _uSDOK KIMLY | ||
| 942 | _cAGR | ||
| 999 |
_c11544 _d11544 |
||